[Event "DEM U10/U10w 2010"]
[Site "Oberhof GER"]
[Date "2010.05.23"]
[Round "2"]
[White "Schröder, Kevin"]
[Black "Neuwald, Johannes"]
[Result "1-0"]
[Termination "normal"]
[Board "5"]
[WhiteElo "1557"]
[BlackElo "1277"]
[PlyCount "63"]
[WhiteFideId "12929840"]
[EventCountry "GER"]
[EventRounds "11"]
[EventType "swiss"]
[EventDate "2010.05.22"]

1. d4 f5 2. c4 g6 3. Nf3 Nf6 4. g3 Bg7 5. Bg2 d6 6. O-O O-O 7. Nc3 Nc6 8. d5
Ne5 9. Nxe5 dxe5 10. Qb3 Rb8 11. Be3 Bd7 12. Bxa7 Ra8 13. Be3 b6 14. d6 e4 15.
dxc7 Qxc7 16. c5+ Kh8 17. cxb6 Qb7 18. Rfd1 Bc6 19. Rac1 Rfd8 20. Bd4 e3 21.
Bxc6 exf2+ 22. Bxf2 Rxd1+ 23. Nxd1 Qb8 24. Bxa8 Qxa8 25. b7 Qd8 26. b8=Q Qxb8
27. Qxb8+ Ng8 28. Rc8 h6 29. Rxg8+ Kh7 30. Qe8 f4 31. Qf7 fxg3 32. Qxg7# 1-0

[Event "DEM U10/U10w 2010"]
[Site "Oberhof GER"]
[Date "2010.05.23"]
[Round "2"]
[White "Simon, Tessa"]
[Black "Litzka, Richard"]
[Result "0-1"]
[Termination "normal"]
[Board "6"]
[WhiteElo "1270"]
[BlackElo "1543"]
[PlyCount "66"]
[WhiteFideId "12929395"]
[EventCountry "GER"]
[EventRounds "11"]
[EventType "swiss"]
[EventDate "2010.05.22"]

1. e4 c5 2. Nf3 e6 3. d4 cxd4 4. Nxd4 a6 5. Nc3 b5 6. a3 Bb7 7. Bd3 Qb6 8. Be3
Bc5 9. Nce2 Nf6 10. f3 e5 11. Nf5 Bxe3 12. Nxg7+ Kf8 13. Nf5 Nc6 14. Neg3 Bf4
15. c3 Ne7 16. Nxe7 Kxe7 17. Nf5+ Kf8 18. Qe2 Ng8 19. g3 Bh6 20. h4 Ne7 21.
Nxh6 Qxh6 22. O-O Rg8 23. Qg2 Kg7 24. Kh2 Kh8 25. Qh3 Qd2+ 26. Kh1 Qxd3 27.
Rad1 Qe3 28. Rxd7 Bc8 29. Rg1 Qxf3+ 30. Kh2 Bxd7 31. Qxd7 Rad8 32. Qxe7 Rd2+
33. Kh3 Qg4# 0-1

[Event "DEM U10/U10w 2010"]
[Site "Oberhof GER"]
[Date "2010.05.23"]
[Round "2"]
[White "Höglauer, Patrick"]
[Black "Herbrig, Alexander"]
[Result "1-0"]
[Termination "normal"]
[Board "7"]
[WhiteElo "1768"]
[BlackElo "1270"]
[PlyCount "101"]
[WhiteFideId "1270548"]
[BlackFideId "12952044"]
[EventCountry "GER"]
[EventRounds "11"]
[EventType "swiss"]
[EventDate "2010.05.22"]

1. d4 d5 2. c4 e5 3. dxe5 d4 4. Nf3 Nc6 5. g3 Nge7 6. e3 Bg4 7. h3 Bxf3 8. Qxf3
Qd7 9. Bg2 O-O-O 10. O-O Ng6 11. exd4 Qxd4 12. Qf5+ Kb8 13. e6 Qxc4 14. Qxf7
Nge5 15. Qf5 g6 16. Qe4 Qxe4 17. Bxe4 Nd4 18. Be3 Nxe6 19. Nc3 Nc5 20. Rfd1 Be7
21. Bf4 Nxe4 22. Nxe4 Nc6 23. Kg2 Rd4 24. Rxd4 Nxd4 25. Be5 Rd8 26. Rd1 Nc6 27.
Rxd8+ Bxd8 28. Bg7 Kc8 29. Nf6 Bxf6 30. Bxf6 Kd7 31. Kf3 Ke6 32. Bg7 Ne5+ 33.
Ke4 Nf7 34. f4 Nd6+ 35. Kf3 Nc4 36. Kg4 Ne3+ 37. Kf3 Nf5 38. Be5 c5 39. g4 Nd6
40. a4 b5 41. Bxd6 Kxd6 42. axb5 Kd5 43. Ke3 c4 44. h4 h6 45. h5 gxh5 46. gxh5
Kc5 47. Ke4 Kxb5 48. Kd5 c3 49. bxc3 a5 50. c4+ Kb4 51. f5 1-0

[Event "DEM U10/U10w 2010"]
[Site "Oberhof GER"]
[Date "2010.05.23"]
[Round "2"]
[White "Graf, Clara Victoria"]
[Black "Urban, Konstantin"]
[Result "1/2-1/2"]
[Termination "normal"]
[Board "8"]
[WhiteElo "1736"]
[BlackElo "1241"]
[PlyCount "69"]
[WhiteFideId "1270339"]
[BlackFideId "12927511"]
[EventCountry "GER"]
[EventRounds "11"]
[EventType "swiss"]
[EventDate "2010.05.22"]

1. e4 c5 2. Nc3 Nc6 3. g3 e6 4. Bg2 g6 5. d3 Bg7 6. Be3 d6 7. Qd2 Nge7 8. Bh6
O-O 9. h4 a6 10. h5 b5 11. Bxg7 Kxg7 12. hxg6 fxg6 13. Qh6+ Kf7 14. Qxh7+ Ke8
15. Nf3 Qa5 16. Ke2 b4 17. Nd1 e5 18. Ne3 Rxf3 19. Nc4 Qc7 20. Kxf3 Nd4+ 21.
Ke3 Nxc2+ 22. Kd2 Nxa1 23. Qh8+ Kd7 24. Rh7 Bb7 25. Qg7 Re8 26. Qxg6 b3 27.
Bh3+ Kd8 28. Qf6 bxa2 29. Rh8 Nb3+ 30. Kc2 a1=Q 31. Rxe8+ Kxe8 32. Qh8+ Kf7 33.
Qh7+ Kf8 34. Qh6+ Ke8 35. Qh8+ 1/2-1/2

[Event "DEM U10/U10w 2010"]
[Site "Oberhof GER"]
[Date "2010.05.23"]
[Round "2"]
[White "Kololli, Martin"]
[Black "Vogel, Roven"]
[Result "0-1"]
[Termination "normal"]
[Board "9"]
[WhiteElo "1251"]
[BlackElo "1480"]
[PlyCount "98"]
[WhiteFideId "12936910"]
[BlackFideId "12908088"]
[EventCountry "GER"]
[EventRounds "11"]
[EventType "swiss"]
[EventDate "2010.05.22"]

1. e4 d6 2. d4 Nf6 3. Nc3 g6 4. Bf4 Bg7 5. Nf3 Bg4 6. Be2 Bxf3 7. Bxf3 c6 8.
O-O Nbd7 9. Qd3 O-O 10. Rad1 Qa5 11. Bg3 Rfd8 12. a3 Nh5 13. Bxh5 Qxh5 14. Rfe1
c5 15. d5 a6 16. a4 Ne5 17. Bxe5 Bxe5 18. h3 Rac8 19. b3 Rf8 20. Ne2 Qh4 21.
Qe3 b5 22. axb5 axb5 23. f4 Bg7 24. c4 b4 25. e5 Rfe8 26. Kh1 Ra8 27. Ng1 Bh6
28. g3 Qh5 29. exd6 exd6 30. Qf2 Qf5 31. Re2 Rxe2 32. Qxe2 Ra3 33. Qd3 Qf6 34.
Ne2 Qe7 35. Re1 Bg7 36. Rb1 Ra2 37. Ng1 Bd4 38. Nf3 Bf2 39. Ng5 Re2 40. Ne6 Re3
41. Qd2 fxe6 42. Qxf2 exd5 43. Qg2 dxc4 44. Qd5+ Kg7 45. Qxc4 Rxg3 46. Kh2 Qh4
47. Qf1 Rg4 48. Qe2 Qg3+ 49. Kh1 Qxh3+ 0-1

[Event "DEM U10/U10w 2010"]
[Site "Oberhof GER"]
[Date "2010.05.23"]
[Round "2"]
[White "Mehsin, Yazan"]
[Black "Savchenko, Daniel"]
[Result "1-0"]
[Termination "normal"]
[Board "10"]
[WhiteElo "1473"]
[BlackElo "1237"]
[PlyCount "47"]
[BlackFideId "12919195"]
[EventCountry "GER"]
[EventRounds "11"]
[EventType "swiss"]
[EventDate "2010.05.22"]

1. e4 e5 2. f4 d5 3. exd5 exf4 4. Nf3 Qxd5 5. Nc3 Qa5 6. d4 Bd6 7. Bd3 Nc6 8.
Bd2 Nf6 9. Nb5 Qb6 10. Nxd6+ cxd6 11. Bc3 O-O 12. O-O Nd5 13. Kh1 Ne3 14. Qe2
Nxf1 15. Rxf1 Bg4 16. Qf2 Bxf3 17. Qxf3 Nxd4 18. Qh5 h6 19. Rxf4 Ne6 20. Qf5 g6
21. Qf6 Kh7 22. Rg4 Rg8 23. Qxf7+ Ng7 24. Rxg6 1-0

[Event "DEM U10/U10w 2010"]
[Site "Oberhof GER"]
[Date "2010.05.23"]
[Round "2"]
[White "Reuker, Jari"]
[Black "Schmidek, Emil"]
[Result "0-1"]
[Termination "normal"]
[Board "11"]
[WhiteElo "1237"]
[BlackElo "1740"]
[PlyCount "62"]
[WhiteFideId "12909300"]
[BlackFideId "12908150"]
[EventCountry "GER"]
[EventRounds "11"]
[EventType "swiss"]
[EventDate "2010.05.22"]

1. Nf3 Nf6 2. c4 g6 3. g3 Bg7 4. d4 d6 5. Nc3 O-O 6. Bg2 Nc6 7. O-O e6 8. e4 a6
9. Rb1 Rb8 10. b3 Re8 11. Bb2 e5 12. d5 Ne7 13. Re1 Nd7 14. h3 f5 15. Ng5 Nf6
16. b4 h6 17. Nf3 fxe4 18. Nd2 b5 19. Qb3 bxc4 20. Qxc4 Bb7 21. Ndxe4 Nxe4 22.
Bxe4 Qd7 23. Bg2 Nf5 24. b5 axb5 25. Qxb5 Qf7 26. Qc4 Rf8 27. Ne4 Kh8 28. Red1
Nd4 29. Rdc1 Bxd5 30. Nxd6 Qxf2+ 31. Kh1 Qxg2# 0-1

[Event "DEM U10/U10w 2010"]
[Site "Oberhof GER"]
[Date "2010.05.23"]
[Round "2"]
[White "Moses, Selina"]
[Black "Nothnagel, Marian Can"]
[Result "1-0"]
[Termination "normal"]
[Board "12"]
[WhiteElo "1453"]
[BlackElo "1211"]
[PlyCount "61"]
[WhiteFideId "12908070"]
[BlackFideId "12921530"]
[EventCountry "GER"]
[EventRounds "11"]
[EventType "swiss"]
[EventDate "2010.05.22"]

1. e4 e5 2. Nf3 Nc6 3. Bc4 Bc5 4. c3 Nf6 5. d3 O-O 6. O-O d6 7. Nbd2 Be6 8. Bb3
Bxb3 9. axb3 Qe7 10. b4 Bb6 11. h3 Nh5 12. Re1 f5 13. exf5 Rxf5 14. Ne4 Raf8
15. b5 Nd8 16. d4 exd4 17. Ng3 Qd7 18. Nxf5 Qxf5 19. cxd4 Qxb5 20. Qe2 Qxe2 21.
Rxe2 Nc6 22. Be3 Nf4 23. Bxf4 Rxf4 24. d5 Nd4 25. Nxd4 Bxd4 26. Rd1 Be5 27. Rc1
Rd4 28. Ree1 Rxd5 29. Rxc7 Rb5 30. f4 Bf6 31. Re8# 1-0

[Event "DEM U10/U10w 2010"]
[Site "Oberhof GER"]
[Date "2010.05.23"]
[Round "2"]
[White "Hartmann, Martin"]
[Black "Sieber, Fiona"]
[Result "1-0"]
[Termination "normal"]
[Board "13"]
[WhiteElo "1223"]
[BlackElo "1605"]
[PlyCount "113"]
[WhiteFideId "12911925"]
[BlackFideId "12902373"]
[EventCountry "GER"]
[EventRounds "11"]
[EventType "swiss"]
[EventDate "2010.05.22"]

1. e4 c5 2. Nf3 Nc6 3. Bb5 g6 4. Bxc6 bxc6 5. d4 cxd4 6. Qxd4 Nf6 7. e5 Nh5 8.
g4 Ng7 9. Be3 Ne6 10. Qd2 Bb7 11. Ng5 Nxg5 12. Bxg5 Bg7 13. f4 d6 14. Qe2 dxe5
15. fxe5 Qd5 16. Nc3 Qxe5 17. Qxe5 Bxe5 18. Bd2 c5 19. Rf1 Bxh2 20. O-O-O O-O-O
21. Rxf7 e5 22. Bg5 Rxd1+ 23. Kxd1 h6 24. Be7 c4 25. Nb5 Bd5 26. Nxa7+ Kb8 27.
Bd6+ Ka8 28. Re7 Rd8 29. Nb5 Bb7 30. Ke2 c3 31. bxc3 Bg1 32. Nc7+ Ka7 33. Bxe5
Kb6 34. Re6+ Bc6 35. a4 Rd7 36. a5+ Kb7 37. a6+ Kb6 38. a7 Kxa7 39. Rxc6 Kb7
40. Rxg6 Re7 41. Re6 Rxe6 42. Nxe6 Kc6 43. Bg7 Kd6 44. Nd4 Ke7 45. Bxh6 Kf6 46.
g5+ Kg6 47. Ne6 Bh2 48. Nf8+ Kh5 49. Ne6 Be5 50. c4 Kg6 51. c5 Kf7 52. Nf8 Bd4
53. g6+ Kg8 54. c6 Be5 55. Nh7 Bc7 56. Nf6+ Kh8 57. g7# 1-0

[Event "DEM U10/U10w 2010"]
[Site "Oberhof GER"]
[Date "2010.05.23"]
[Round "2"]
[White "Krüger, David"]
[Black "Kirn, Niklas Johann"]
[Result "1-0"]
[Termination "normal"]
[Board "14"]
[WhiteElo "1394"]
[BlackElo "1188"]
[PlyCount "55"]
[WhiteFideId "12921858"]
[BlackFideId "12910899"]
[EventCountry "GER"]
[EventRounds "11"]
[EventType "swiss"]
[EventDate "2010.05.22"]

1. d4 Nf6 2. c4 e5 3. dxe5 Ng4 4. Nf3 Nc6 5. Bf4 Bb4+ 6. Nbd2 Qe7 7. g3 Ngxe5
8. Bg2 d6 9. Nxe5 Nxe5 10. Bxe5 Qxe5 11. Qc2 Bf5 12. Qa4+ b5 13. Qxb4 Bd3 14.
e3 Rb8 15. cxb5 Rxb5 16. Bc6+ Ke7 17. Bxb5 Bxb5 18. Qc3 Qxc3 19. bxc3 Bc6 20.
O-O Bd5 21. Rab1 a6 22. Rfd1 c5 23. a3 Kd7 24. Rb6 a5 25. Ra6 Ra8 26. Rxa8 Bxa8
27. Nc4 d5 28. Nb6+ 1-0

[Event "DEM U10/U10w 2010"]
[Site "Oberhof GER"]
[Date "2010.05.23"]
[Round "2"]
[White "Diener, Carolin"]
[Black "Bergauz, Noam"]
[Result "0-1"]
[Termination "normal"]
[Board "15"]
[WhiteElo "1208"]
[BlackElo "1393"]
[PlyCount "84"]
[WhiteFideId "24699063"]
[BlackFideId "12938033"]
[EventCountry "GER"]
[EventRounds "11"]
[EventType "swiss"]
[EventDate "2010.05.22"]

1. e4 e5 2. Nf3 Nc6 3. Bc4 Bc5 4. c3 Nf6 5. d4 exd4 6. cxd4 Bb4+ 7. Nc3 Bxc3+
8. bxc3 Nxe4 9. O-O d5 10. Re1 O-O 11. Qd3 Bf5 12. Bb3 Bg6 13. Be3 Nxf2 14. Qb5
Ne4 15. Rac1 Nf6 16. Bg5 a6 17. Qxb7 Qd6 18. Ba4 Na5 19. Qb2 Rab8 20. Qe2 Ne4
21. Bd2 Bh5 22. Qd3 Bxf3 23. gxf3 Qg6+ 24. Kf1 Ng3+ 25. Kf2 Qxd3 26. Kxg3 Qxd2
27. Rf1 Qg5+ 28. Kf2 Rb2+ 29. Rc2 Rxc2+ 30. Bxc2 Nc4 31. Re1 Qd2+ 32. Re2 Qxc3
33. Kg3 Qxd4 34. Bb3 g6 35. Bxc4 dxc4 36. Re4 Qd3 37. Re7 c3 38. Rxc7 Re8 39.
Kg4 Re3 40. h4 Rxf3 41. Kg5 Qf5+ 42. Kh6 Qh5# 0-1

[Event "DEM U10/U10w 2010"]
[Site "Oberhof GER"]
[Date "2010.05.23"]
[Round "2"]
[White "Poghosyan, Tigran"]
[Black "Nguyen, Anh Van"]
[Result "1-0"]
[Termination "normal"]
[Board "16"]
[WhiteElo "1387"]
[BlackElo "1095"]
[PlyCount "91"]
[WhiteFideId "12909319"]
[BlackFideId "12908223"]
[EventCountry "GER"]
[EventRounds "11"]
[EventType "swiss"]
[EventDate "2010.05.22"]

1. e4 c6 2. d4 d5 3. Nd2 dxe4 4. Nxe4 Nd7 5. Qe2 Ndf6 6. Nxf6+ Nxf6 7. Nf3 Bg4
8. Be3 e6 9. h3 Bf5 10. Nh4 Be7 11. Nxf5 exf5 12. Qf3 Qd7 13. Bd3 g6 14. c3 Nd5
15. h4 Nxe3 16. Qxe3 Qd5 17. f3 Qe6 18. Qxe6 fxe6 19. Bc4 Kf7 20. O-O-O b5 21.
Bb3 Rae8 22. g4 h6 23. Rde1 Bd6 24. Re2 Bg3 25. Rg2 Bf4+ 26. Kc2 Kf6 27. a4 a6
28. axb5 axb5 29. c4 bxc4 30. Bxc4 Rd8 31. Re1 Rhe8 32. Rge2 Rxd4 33. Rxe6+
Rxe6 34. Rxe6+ Kg7 35. Rxc6 Rd2+ 36. Kc3 Rh2 37. gxf5 gxf5 38. Rc5 Kf6 39. b4
Be5+ 40. Kd3 Rb2 41. Rc6+ Kg7 42. b5 Bf4 43. b6 Rd2+ 44. Kc3 Rd7 45. Be6 Be5+
46. Kc4 1-0

[Event "DEM U10/U10w 2010"]
[Site "Oberhof GER"]
[Date "2010.05.23"]
[Round "2"]
[White "Arnhold, Steffi"]
[Black "Wächter, Nathalie"]
[Result "0-1"]
[Termination "normal"]
[Board "17"]
[WhiteElo "1145"]
[BlackElo "1385"]
[PlyCount "102"]
[WhiteFideId "12931365"]
[BlackFideId "12921033"]
[EventCountry "GER"]
[EventRounds "11"]
[EventType "swiss"]
[EventDate "2010.05.22"]

1. e4 e5 2. Nf3 Nc6 3. d4 exd4 4. Nxd4 Bc5 5. Be3 Qf6 6. c3 Nge7 7. Bc4 Ne5 8.
Be2 Qg6 9. Bf3 d6 10. O-O O-O 11. Re1 c6 12. Nd2 d5 13. exd5 Nxd5 14. Be4 f5
15. Bc2 Qd6 16. N2b3 Bb6 17. Bg5 Ng4 18. g3 f4 19. gxf4 Nxf4 20. f3 Nh3+ 21.
Kf1 Nxg5 22. Re2 Nxf3 23. Nxf3 Qxd1+ 24. Rxd1 Rxf3+ 25. Kg2 Rf2+ 26. Rxf2 Nxf2
27. a4 Nxd1 28. Bxd1 Be6 29. a5 Bxb3 30. Bxb3+ Kf8 31. axb6 axb6 32. Kf3 Re8
33. Bc2 g6 34. Kg4 Re2 35. Bd3 Rxb2 36. h4 Rb3 37. Kf4 Rxc3 38. Be4 Rc4 39. Ke5
Ke7 40. Bf3 Rxh4 41. Bg2 b5 42. Bf3 b4 43. Bd1 c5 44. Be2 b3 45. Bd3 c4 46. Bb1
c3 47. Kd5 c2 48. Kc5 c1=Q+ 49. Kb6 Qc6+ 50. Ka7 Ra4+ 51. Kb8 b5 0-1

[Event "DEM U10/U10w 2010"]
[Site "Oberhof GER"]
[Date "2010.05.23"]
[Round "2"]
[White "Boehling, Richard"]
[Black "Riedel, Matthias"]
[Result "1-0"]
[Termination "normal"]
[Board "18"]
[WhiteElo "1108"]
[BlackElo "1366"]
[PlyCount "81"]
[WhiteFideId "12946176"]
[BlackFideId "1271820"]
[EventCountry "GER"]
[EventRounds "11"]
[EventType "swiss"]
[EventDate "2010.05.22"]

1. e4 e5 2. Nf3 Nc6 3. Bc4 Bc5 4. c3 Nf6 5. d3 O-O 6. a4 d5 7. exd5 Nxd5 8. Qb3
Na5 9. Qb5 Nxc4 10. dxc4 Nf4 11. Bxf4 exf4 12. O-O Be7 13. Nbd2 c6 14. Qe5 Bd6
15. Qd4 Qc7 16. Rfe1 Bg4 17. c5 Be7 18. Re4 Rad8 19. Qc4 Be6 20. Qe2 Rfe8 21.
b4 Bf6 22. Rc1 Bd7 23. Re1 Rxe4 24. Nxe4 Be5 25. Rd1 Re8 26. Qd3 Bg4 27. Rd2
Bxf3 28. Qxf3 Bxc3 29. Qxc3 Rxe4 30. Kf1 h6 31. Rd4 Qe5 32. Rd8+ Kh7 33. Qxe5
Rxe5 34. Rd7 Re4 35. Rxb7 a6 36. Rb6 Kg8 37. Rxc6 Rxb4 38. Rxa6 Kf8 39. c6 Ke8
40. Ra8+ Ke7 41. c7 1-0

[Event "DEM U10/U10w 2010"]
[Site "Oberhof GER"]
[Date "2010.05.23"]
[Round "2"]
[White "Wallat, Jessica"]
[Black "Kololli, Kevin"]
[Result "0-1"]
[Termination "normal"]
[Board "19"]
[WhiteElo "1045"]
[BlackElo "1323"]
[PlyCount "98"]
[WhiteFideId "12909637"]
[BlackFideId "12936863"]
[EventCountry "GER"]
[EventRounds "11"]
[EventType "swiss"]
[EventDate "2010.05.22"]

1. e4 c6 2. d4 d5 3. e5 Bf5 4. Nc3 e6 5. Bf4 Nd7 6. Bd3 Bxd3 7. Qxd3 c5 8. b3
Rc8 9. Nf3 cxd4 10. Nxd4 Bb4 11. Nde2 Qa5 12. Bd2 Nxe5 13. Qb5+ Qxb5 14. Nxb5
Rxc2 15. Bxb4 Nd3+ 16. Kf1 Nxb4 17. Nxa7 Rxa2 18. Rxa2 Nxa2 19. Nb5 Kd7 20. Ke1
Nf6 21. Kd2 Rc8 22. Ra1 Ne4+ 23. Ke3 Nec3 24. Nbxc3 Nxc3 25. Ra7 d4+ 26. Nxd4
Rc7 27. b4 b6 28. Ra6 f6 29. Kd3 Nd5 30. Nc2 Rxc2 31. Kxc2 Nxb4+ 32. Kb3 Nxa6
33. Kc4 Kc6 34. f4 f5 35. h3 h5 36. g3 g6 37. h4 Nc7 38. Kb4 Kd5 39. Kc3 Kc5
40. Kb3 Nd5 41. Ka4 Kc4 42. Ka3 b5 43. Kb2 Kb4 44. Kb1 Kb3 45. Ka1 b4 46. Kb1
Nc3+ 47. Ka1 Ka3 48. g4 b3 49. g5 b2# 0-1

[Event "DEM U10/U10w 2010"]
[Site "Oberhof GER"]
[Date "2010.05.23"]
[Round "2"]
[White "Kreyssig, Bruno"]
[Black "Rockmann, Jan-Okke"]
[Result "1-0"]
[Termination "normal"]
[Board "20"]
[WhiteElo "1319"]
[BlackElo "1013"]
[PlyCount "157"]
[WhiteFideId "4692489"]
[BlackFideId "12942111"]
[EventCountry "GER"]
[EventRounds "11"]
[EventType "swiss"]
[EventDate "2010.05.22"]

1. e4 e5 2. Nf3 Nc6 3. d4 exd4 4. Nxd4 Bc5 5. Be3 Bb6 6. Nxc6 Qf6 7. Nd4 c5 8.
Nb3 Qxb2 9. N1d2 Nf6 10. Bxc5 Bxc5 11. Nxc5 Qb4 12. Nd3 Qa5 13. f3 d5 14. e5
Nd7 15. Be2 Qb6 16. Rb1 Qd4 17. Nb3 Qc3+ 18. Qd2 Qc7 19. O-O O-O 20. Qe3 Qxc2
21. Qd2 Qc7 22. Rbc1 Qb6+ 23. Kh1 Re8 24. f4 Nf8 25. Bf3 Rd8 26. Ndc5 Bf5 27.
Qd4 a6 28. g4 Bc8 29. Nd3 Qb5 30. Rc5 Ne6 31. Rxd5 Qxd5 32. Qxd5 Rxd5 33. Bxd5
Nc7 34. Bf3 Nb5 35. Nf2 Nc3 36. Ra1 a5 37. Ne4 Bxg4 38. Bxg4 Nxe4 39. Kg2 Nc3
40. a3 a4 41. Nc5 b6 42. Nd3 g6 43. Rc1 Nb5 44. Ra1 h5 45. Bf3 Rd8 46. Nb4 Nd4
47. Rd1 Ne6 48. Rxd8+ Nxd8 49. Kf2 Kf8 50. Ke3 Ke8 51. Ke4 Ne6 52. Nd5 Nc5+ 53.
Ke3 Nd7 54. Kd4 Kd8 55. Kc4 Kc8 56. Kb5 Nc5 57. Nxb6+ Kc7 58. Nxa4 Nd3 59. Bd5
Nxf4 60. Bxf7 Ne2 61. Bxg6 Nd4+ 62. Kc4 Nf3 63. Bxh5 Nxe5+ 64. Kd5 Nd7 65. Kd4
Nf6 66. Bf3 Kd6 67. Nc5 Ne8 68. h4 Nc7 69. Ne4+ Ke7 70. a4 Ne6+ 71. Ke5 Nf8 72.
Kf5 Ne6 73. a5 Nd4+ 74. Kg4 Nc6 75. a6 Ne5+ 76. Kg3 Nc6 77. Kf4 Kf7 78. Ng5+
Kg6 79. Bxc6 1-0

[Event "DEM U10/U10w 2010"]
[Site "Oberhof GER"]
[Date "2010.05.23"]
[Round "2"]
[White "Gungl, Theo"]
[Black "Niermann, Tristan"]
[Result "0-1"]
[Termination "normal"]
[Board "22"]
[WhiteElo "1682"]
[BlackElo "1199"]
[PlyCount "76"]
[WhiteFideId "24695653"]
[BlackFideId "12990698"]
[EventCountry "GER"]
[EventRounds "11"]
[EventType "swiss"]
[EventDate "2010.05.22"]

1. d4 d5 2. c4 c6 3. Nf3 Nf6 4. Bg5 Ne4 5. Bf4 Bf5 6. e3 e6 7. Bd3 Bb4+ 8. Nbd2
Nxd2 9. Nxd2 Bxd3 10. c5 Bxd2+ 11. Qxd2 Bg6 12. h4 Nd7 13. h5 Bf5 14. Qe2 g5
15. Bd6 h6 16. f3 b6 17. e4 dxe4 18. fxe4 Bh7 19. Rf1 bxc5 20. dxc5 Qa5+ 21.
Kd1 Qa4+ 22. b3 Qd4+ 23. Qd2 Qxa1+ 24. Ke2 Qg7 25. e5 Nxe5 26. Rf2 Bf5 27. Qa5
Bg4+ 28. Kd2 f5 29. Qc3 Rd8 30. Kc2 Rxd6 31. cxd6 O-O 32. Rd2 Rd8 33. Qa5 Rd7
34. Qa6 Bxh5 35. Qc8+ Kh7 36. Kc1 Bg6 37. b4 f4 38. Qb8 Nc4 0-1

[Event "DEM U10/U10w 2010"]
[Site "Oberhof GER"]
[Date "2010.05.23"]
[Round "2"]
[White "Burg, Niclas"]
[Black "Grieb, Lukas"]
[Result "0-1"]
[Termination "normal"]
[Board "23"]
[WhiteElo "1467"]
[BlackElo "1007"]
[PlyCount "90"]
[WhiteFideId "1271968"]
[BlackFideId "1271993"]
[EventCountry "GER"]
[EventRounds "11"]
[EventType "swiss"]
[EventDate "2010.05.22"]

1. e4 c5 2. Nf3 Nc6 3. d4 cxd4 4. Nxd4 Qb6 5. Be3 Qxb2 6. Nd2 Nxd4 7. Nc4 Nxc2+
8. Kd2 Qxa1 9. Qxa1 Nxa1 10. Bd4 e6 11. Bxa1 Bb4+ 12. Kc2 Nf6 13. Kb3 Be7 14.
Be2 O-O 15. g4 Nxe4 16. f4 Bf6 17. Bxf6 Nxf6 18. h4 Nd5 19. f5 exf5 20. gxf5
Re8 21. Bf3 Ne3 22. Re1 f6 23. Bh5 Re4 24. a3 d5 25. Nd6 Ng2 26. Bf7+ Kf8 27.
Rg1 Re2 28. Bxd5 Rd2 29. Kc4 Ne3+ 30. Kb3 Rxd5 31. Re1 Rxd6 32. Rxe3 Bxf5 33.
Rc3 Rd3 34. Rxd3 Bxd3 35. Kb4 f5 36. h5 f4 37. h6 gxh6 38. a4 f3 39. a5 f2 40.
a6 bxa6 41. Ka5 f1=Q 42. Ka4 Qb1 43. Ka3 Rb8 44. Ka4 Rb2 45. Ka3 Ra2# 0-1

[Event "DEM U10/U10w 2010"]
[Site "Oberhof GER"]
[Date "2010.05.23"]
[Round "2"]
[White "Du, Katharina"]
[Black "Gauchel, Lorenz"]
[Result "1/2-1/2"]
[Termination "normal"]
[Board "24"]
[WhiteElo "1006"]
[BlackElo "1451"]
[PlyCount "63"]
[WhiteFideId "12945757"]
[BlackFideId "12905283"]
[EventCountry "GER"]
[EventRounds "11"]
[EventType "swiss"]
[EventDate "2010.05.22"]

1. e4 Nf6 2. e5 Nd5 3. c4 Nb6 4. d4 d6 5. Nf3 Nc6 6. exd6 exd6 7. a3 Be7 8. Be2
O-O 9. O-O Bf5 10. b3 Bf6 11. Be3 Re8 12. Nc3 Qd7 13. Bd3 Bxd3 14. Qxd3 Re7 15.
Rfe1 Rae8 16. h3 h6 17. Kh1 d5 18. c5 Nc8 19. b4 Re6 20. Qf5 N8e7 21. Qd3 Ng6
22. Kg1 Nh4 23. Nxh4 Bxh4 24. Re2 Rg6 25. Rae1 Ne7 26. Bf4 Re6 27. Rxe6 fxe6
28. Be5 Nc6 29. Qg6 Nxe5 30. Rxe5 Bf6 31. Rh5 Kh8 32. g4 1/2-1/2

[Event "DEM U10/U10w 2010"]
[Site "Oberhof GER"]
[Date "2010.05.23"]
[Round "2"]
[White "Kitze, Alexander"]
[Black "Edelmann, Jonas"]
[Result "1-0"]
[Termination "normal"]
[Board "25"]
[WhiteElo "1323"]
[BlackElo "1107"]
[PlyCount "47"]
[WhiteFideId "12914827"]
[EventCountry "GER"]
[EventRounds "11"]
[EventType "swiss"]
[EventDate "2010.05.22"]

1. e4 c5 2. Nf3 e6 3. d4 cxd4 4. Nxd4 Nf6 5. Nc3 Be7 6. Bc4 O-O 7. O-O d5 8.
exd5 exd5 9. Bb3 Bg4 10. Qd3 Qc7 11. Nxd5 Nxd5 12. Bxd5 Rd8 13. Qb3 Nc6 14.
Nxc6 bxc6 15. Bxf7+ Kf8 16. Qg3 Qxg3 17. fxg3 Bc5+ 18. Kh1 Rd7 19. Be6+ Ke7 20.
Bxg4 Rd6 21. Bg5+ Ke8 22. Rae1+ Re6 23. Rxe6+ Kd7 24. Rf7+ 1-0

[Event "DEM U10/U10w 2010"]
[Site "Oberhof GER"]
[Date "2010.05.23"]
[Round "2"]
[White "Müller, Sophie"]
[Black "Renger, Niklas"]
[Result "0-1"]
[Termination "normal"]
[Board "26"]
[WhiteElo "1102"]
[BlackElo "1320"]
[PlyCount "120"]
[WhiteFideId "12926698"]
[BlackFideId "12908096"]
[EventCountry "GER"]
[EventRounds "11"]
[EventType "swiss"]
[EventDate "2010.05.22"]

1. d4 d5 2. e3 Nc6 3. c4 e6 4. Nc3 Nf6 5. Nf3 g6 6. Bd3 Bg7 7. b3 O-O 8. Ba3
Re8 9. O-O e5 10. Nxe5 Nxe5 11. dxe5 Rxe5 12. Bb2 Re8 13. Qf3 Ne4 14. Bxe4 dxe4
15. Qe2 Qh4 16. Rab1 Be5 17. g3 Qg4 18. Qxg4 Bxg4 19. Nxe4 Bxb2 20. Rxb2 Rxe4
21. f3 Rxe3 22. fxg4 Rae8 23. Rbf2 R3e7 24. h4 h6 25. Rf6 Kg7 26. a4 Rd8 27.
R6f3 Rd4 28. Rf4 Rxf4 29. gxf4 Re3 30. f5 Rg3+ 31. Kh2 Rxg4 32. f6+ Kh7 33. Kh3
Re4 34. Kg3 Re3+ 35. Rf3 Rxf3+ 36. Kxf3 Kg8 37. b4 Kf8 38. b5 Ke8 39. Kg4 Kd7
40. h5 gxh5+ 41. Kxh5 Ke6 42. Kxh6 Kxf6 43. c5 Ke5 44. a5 b6 45. cxb6 cxb6 46.
axb6 axb6 47. Kg5 Kd5 48. Kf5 Kc5 49. Kf6 Kxb5 50. Kxf7 Kc5 51. Ke6 b5 52. Ke5
Kc4 53. Ke4 b4 54. Ke3 Kc3 55. Ke2 Kc2 56. Ke3 b3 57. Kd4 b2 58. Kc4 b1=Q 59.
Kd4 Qb5 60. Ke3 Qb4 0-1

[Event "DEM U10/U10w 2010"]
[Site "Oberhof GER"]
[Date "2010.05.23"]
[Round "2"]
[White "Baberz, Alexander"]
[Black "Schneider, Jana"]
[Result "1-0"]
[Termination "normal"]
[Board "27"]
[WhiteElo "1567"]
[BlackElo "1073"]
[PlyCount "119"]
[WhiteFideId "12921734"]
[BlackFideId "12924997"]
[EventCountry "GER"]
[EventRounds "11"]
[EventType "swiss"]
[EventDate "2010.05.22"]

1. d4 d5 2. c4 e6 3. Nc3 Nf6 4. Nf3 c6 5. Bg5 Nbd7 6. e3 Qa5 7. Nd2 Bb4 8. Qc2
O-O 9. Bxf6 Nxf6 10. Bd3 dxc4 11. Nxc4 Bxc3+ 12. bxc3 Qc7 13. e4 c5 14. e5 Ng4
15. Bxh7+ Kh8 16. Bd3 b6 17. Qe2 f5 18. Nd6 Bb7 19. Nxb7 Qxb7 20. O-O cxd4 21.
h3 Nh6 22. cxd4 Rad8 23. Ba6 Qd7 24. Rfd1 Qa4 25. Bb5 Qb4 26. Rab1 Qe7 27. Rbc1
Rd5 28. Bc4 Rd7 29. Bb3 Rfd8 30. Qe3 Qb4 31. Rc4 Qb5 32. a4 Qa5 33. Rc6 Qb4 34.
Rxe6 Rxd4 35. Rxd4 Qxd4 36. Qxd4 Rxd4 37. Rd6 Re4 38. e6 f4 39. Rd8+ Ng8 40. e7
Rxe7 41. Rxg8+ Kh7 42. Rf8 a6 43. Rxf4 b5 44. Bf7 g5 45. Rf3 bxa4 46. Bc4 a5
47. Rf7+ Rxf7 48. Bxf7 a3 49. Kh2 a4 50. Kg3 Kg7 51. Bd5 Kg6 52. Kg4 Kf6 53. h4
Ke5 54. Bg8 gxh4 55. Kxh4 Kf6 56. f4 Kg7 57. Ba2 Kf6 58. g4 Kg6 59. f5+ Kf6 60.
Kh5 {es folgte 60...Kf7 61.g5 Kg7 62.f6+ Kh7 63.f7 Kg7 64.g6 Kf8 65.Kh6 Ke7 66.
Kg7 Kd7 67.f8D Kc7 68.De7+ Kc6 69.Dd8 Kc5 70.Dd5+ Kb4 71.Dc6 Ka5 72.Dc5+ Ka6
73.Lc4+ Kb7 74.Ld5+ Ka6 75.Lc6 a2 76.Db5+ Ka7 77.Db7#} 1-0